| 000 | 00000nam##2200000za#4500 |
| 001 | 9.663303 |
| 003 | CaOODSP |
| 005 | 20200330140430 |
| 007 | ta |
| 008 | 150407|2001||||xxc||||| f|0| 0 eng|d |
| 020 | |a0-662-66165-6 |
| 040 | |aCaOODSP|beng |
| 041 | |aeng |
| 041 | |afre |
| 043 | |an-cn--- |
| 086 | 1 |aRH34-16/2001-1 |
| 110 | 1 |aCanada.|bHuman Resources Development Canada. |bStrategic Policy. |
| 245 | 10|aGovernment of Canada response to A common vision: interim report: the fourth report of the Standing Committee on Human Resources Development and the Status of Persons with Disabilities |
| 260 | |aOttawa - Ontario : |bHuman Resources Development Canada. |c2001. |
| 300 | |aEnglish text, 38p. ; |c22 cm. |
| 546 | |aBilingual |
| 563 | |aSpiral binding |
| 590 | |a01-51|b2001-12-28 |
| 690 | 07|aHuman resources|2gcpds |
| 690 | 07|aStatus of disabled persons|2gcpds |
| 776 | 0#|tRéponse du gouvernement du Canada à Une vision commune : rapport intérimaire, quatrième rapport du Comité permanent du développement des ressources humaines et de la condition des personnes handicapées |w(CaOODSP)9.642403 |
| 776 | 0#|tGovernment of Canada response to A common vision: interim report, the fourth report of the Standing Committee on Human Resources Development and the Status of Persons with Disabilities |w(CaOODSP)9.698392 |
| 792 | |tRéponse du gouvernement du Canada à Une vision commune: rapport intérimaire: quatrième rapport du Comité permanent du développement des ressources humaines et de la condition des personnes handicapées |efre|w(CaOODSP)9.663304 |